Từ tuyến đầu tổ quốc: Thư từ miền Nam gởi ra
Salvato in:
| Natura: | Libro |
|---|---|
| Lingua: | Undetermined |
| Pubblicazione: |
H.
Văn Học
2002
|
| Soggetti: | |
| Tags: |
Aggiungi Tag
Nessun Tag, puoi essere il primo ad aggiungerne! !
|
| Thư viện lưu trữ: | Trung tâm Học liệu Trường Đại học Cần Thơ |
|---|
| LEADER | 00456nam a2200157Ia 4500 | ||
|---|---|---|---|
| 001 | CTU_55463 | ||
| 008 | 210402s9999 xx 000 0 und d | ||
| 020 | |b 5500 | ||
| 082 | |a 895.9228 | ||
| 082 | |b T550/T3 | ||
| 245 | 0 | |a Từ tuyến đầu tổ quốc: Thư từ miền Nam gởi ra | |
| 260 | |a H. | ||
| 260 | |b Văn Học | ||
| 260 | |c 2002 | ||
| 650 | |a vietnamese literature | ||
| 980 | |a Trung tâm Học liệu Trường Đại học Cần Thơ | ||